Principles of the Colloidal State (Record no. 3676)
[ view plain ]
| 000 -LEADER | |
|---|---|
| fixed length control field | 00343nam a22001337a 4500 |
| 050 ## - LIBRARY OF CONGRESS CALL NUMBER | |
| Classification Number | QD1 |
| Item Number | .P37 |
| 100 ## - MAIN ENTRY--Author | |
| Personal name | Parfitt, G. D . |
| 245 ## - TITLE | |
| Title | Principles of the Colloidal State |
| 260 ## - PUBLICATION, DISTRIBUTION, ETC.(IMPRINT) | |
| Place of publication, distribution, etc | London |
| Name of publisher, distributor, etc | Royal Institute of Chemistry |
| Date of publication, distribution, etc | 1967 |
| 300 ## - PHYSICAL DESCRIPTION | |
| Extent | [1], 36 pages 22 cm. |
| 650 ## - SUBJECT--TOPIC | |
| Topical term following geographic name as entry element | Colloids |
| 650 ## - SUBJECT--TOPIC | |
| Topical term following geographic name as entry element | Kolloidchemie |
| 942 ## - ADDED ENTRY ELEMENTS(KOHA) | |
| Koha item type | General circulation |
| Source of classification or shelving scheme | Not for loan | Location (home branch) | Sublocation (holding branch) | Date accessioned | Cost, normal purchase price | Full call number | Barcode | Copy number | Cost, replacement price | Koha item type | Public note |
|---|---|---|---|---|---|---|---|---|---|---|---|
| Library of Congress Classification | Main Campus Library | Main Campus Library | 16/10/2014 | 414.00 | QD1 .P37 | 2019/022467 | C.1 | 914.00 | General circulation | LWG |